000 00454nam a22001817a 4500
003 LK-CoDNM
005 20250116103753.0
008 250116b |||||||| |||| 00| 0 eng d
040 _aLK-CoDNM
_dLK-CoDNM
_eLK-CoDNM
041 _aeng
080 _a10
_bB5
245 _aIndex to the periodical literature of the world
260 _c1894
_aLondon
_bMowbay house
300 _bxii, 221p. ; 26 cm
650 _a1894
650 _aScience
942 _cBK
999 _c236424
_d236424